Statistics for Cities by Letter and Picture-E

Click here to take the quiz!

General Stats

  • This quiz has been taken 36 times
  • The average score is 3 of 10

Answer Stats

Answer% Correct
Edinburgh
96%
Edmonton
76%
El Paso
68%
Essen
60%
East London
12%
Espoo
12%
Eugene
12%
East Jerusalem
8%
Erzurum
4%
Eskisehir
0%

Score Distribution

Percentile by Number Answered

Percent of People with Each Score

Your Score History

You have not taken this quiz